书目信息 |
| 题名: |
多维视角下大学生心理健康教育研究
|
|
| 作者: | 张娜 著 | |
| 分册: | ||
| 出版信息: | 北京 国家行政学院出版社 2018 |
|
| 页数: | 206页 | |
| 开本: | 26cm | |
| 丛书名: | ||
| 单 册: | ||
| 中图分类: | B844.2 , G444 | |
| 科图分类: | ||
| 主题词: | 大学生--Da Xue Sheng--心理健康--健康教育 | |
| 电子资源: | ||
| ISBN: | 978-7-5150-2121-8 | |
| 000 | 01257nam0 2200277 450 | |
| 001 | 012001002418 | |
| 005 | 20131023115823.0 | |
| 010 | @a978-7-5150-2121-8@dCNY54.00 | |
| 099 | @aCAL 012019028807 | |
| 100 | @a20190319d2018 em y0chiy50 ea | |
| 101 | 0 | @achi |
| 102 | @aCN@b110000 | |
| 105 | @aak a 000yy | |
| 106 | @ar | |
| 200 | 1 | @a多维视角下大学生心理健康教育研究@ADuo Wei Shi Jiao Xia Da Xue Sheng Xin Li Jian Kang Jiao Yu Yan Jiu@f张娜著 |
| 210 | @a北京@c国家行政学院出版社@d2018 | |
| 215 | @a206页@c图@d26cm | |
| 320 | @a有书目 (第198-206页) | |
| 330 | @a本书共分为7章,其中包括:绪论、大学生心理健康教育发展的历史回顾与启示、新媒体环境下大学生心理素质教育模式创新、大学生心理健康教育课程建设、大学生心理健康教育与思想政治教育的交叉融合、辅导员与大学生心理健康教育工作、大学生心理危机干预系统的构建。具体来说,本书从大学生心理健康教育的内涵与意义入手,较为系统地梳理了我国大学生心理健康教育的历史,并总结了这些宝贵历史经验的启示,力求为提高大学生的心理素质,促进大学生的全面发展提供一些有价值的思考。 | |
| 333 | @a高校师生 | |
| 606 | 0 | @a大学生@ADa Xue Sheng@x心理健康@x健康教育 |
| 690 | @aB844.2@v5 | |
| 690 | @aG444@v5 | |
| 701 | 0 | @a张娜@AZhang Na@4著 |
| 801 | 0 | @aCN@b江苏凤凰@c20191020 |
| 905 | @b1220111-4@dB844.2@e3170@f4 | |
| 多维视角下大学生心理健康教育研究/张娜著.-北京:国家行政学院出版社,2018 |
| 206页:图;26cm |
| 使用对象:高校师生 |
| ISBN 978-7-5150-2121-8:CNY54.00 |
| 本书共分为7章,其中包括:绪论、大学生心理健康教育发展的历史回顾与启示、新媒体环境下大学生心理素质教育模式创新、大学生心理健康教育课程建设、大学生心理健康教育与思想政治教育的交叉融合、辅导员与大学生心理健康教育工作、大学生心理危机干预系统的构建。具体来说,本书从大学生心理健康教育的内涵与意义入手,较为系统地梳理了我国大学生心理健康教育的历史,并总结了这些宝贵历史经验的启示,力求为提高大学生的心理素质,促进大学生的全面发展提供一些有价值的思考。 |
| ● |
| 相关链接 |
|
|
|
|
正题名:多维视角下大学生心理健康教育研究
索取号:B844.2/3170
 
预约/预借
| 序号 | 登录号 | 条形码 | 馆藏地/架位号 | 状态 | 备注 |
| 1 | 1220111 | 212201115 | 第一样本阅览室/ [索取号:B844.2/3170] | 在馆 | |
| 2 | 1220112 | 212201124 | 教育系资料室/ [索取号:B844.2/3170] | 在馆 | |
| 3 | 1220113 | 212201133 | 教育系资料室/ [索取号:B844.2/3170] | 在馆 | |
| 4 | 1220114 | 212201142 | 第一借阅区/ [索取号:B844.2/3170] | 在馆 |